[Event "GER-chT Lands U20"]
[Site "Bad Sulza"]
[Date "2004.11.17"]
[Round "4.7"]
[White "Jeremias, Bianca Albano"]
[Black "Lange, Jan David"]
[Result "0-1"]
[WhiteElo "1700"]
[BlackElo "2021"]
[PlyCount "101"]
[EventDate "2004.11.15"]
[EventType "team-swiss"]
[EventRounds "7"]
[EventCountry "GER"]
[SourceTitle "EXT 2006"]
[Source "ChessBase"]
[SourceDate "2005.11.24"]
[SourceVersion "1"]
[SourceVersionDate "2005.11.24"]
[SourceQuality "1"]

1. e4 e6 2. d4 d5 3. Nc3 Bb4 4. Bd3 c5 5. a3 Ba5 6. dxc5 Bxc3+ 7. bxc3 dxe4 8. Bxe4 Qxd1+ 9. Kxd1 Nf6 10. Bf3 e5 11. Be3 e4 12. Be2 Nd5 13. Bd4 0-0 14. Bc4 Be6 15. Rb1 Rd8 16. Ke1 Nxc3 17. Bxc3 Bxc4 18. Rxb7 Na6 19. Ne2 h6 20. Ng3 Nxc5 21. Rc7 Rdc8 22. Rxc8+ Rxc8 23. Nf5 Rb8 24. Kd2 Ne6 25. Ke3 Rb6 26. Kxe4 Kh7 27. Rd1 Ba6 28. Rd6 Bb7+ 29. Ke3 Bxg2 30. Rxb6 axb6 31. Nd6 Kg6 32. Nc4 b5 33. Ne5+ Kf6 34. Nc6+ Kf5 35. Na7 Bf1 36. Nc8 g5 37. Nd6+ Kg6 38. Ke4 h5 39. Kd5 Bg2+ 40. Ke5 h4 41. Nxb5 Nc5 42. Bd4 f6+ 43. Kd6 Ne4+ 44. Ke7 Nd2 45. Bc5 f5 46. Nd4 Nf1 47. Bd6 f4 48. Ne2 Kf5 49. h3 Bxh3 50. Ng1 Bg4 51. a4 0-1

[Event "GER-chT Lands U20"]
[Site "Bad Sulza"]
[Date "2004.11.16"]
[Round "3.7"]
[White "Lange, Jan David"]
[Black "Wolf, Isaak"]
[Result "1-0"]
[WhiteElo "2021"]
[BlackElo "1382"]
[PlyCount "55"]
[EventDate "2004.11.15"]
[EventType "team-swiss"]
[EventRounds "7"]
[EventCountry "GER"]
[SourceTitle "EXT 2006"]
[Source "ChessBase"]
[SourceDate "2005.11.24"]
[SourceVersion "1"]
[SourceVersionDate "2005.11.24"]
[SourceQuality "1"]

1. e4 e5 2. Nf3 Nc6 3. d4 exd4 4. Nxd4 Bc5 5. Be3 Qf6 6. Nb5 Bxe3 7. fxe3 Qd8 8. Qg4 g6 9. Qf4 d6 10. Bc4 Ne5 11. 0-0 Qe7 12. Bb3 a6 13. N5c3 c6 14. Nd2 f5 15. exf5 Bxf5 16. e4 Bd7 17. Nc4 g5 18. Qf2 Nxc4 19. Bxc4 Nh6 20. Qf6 Qxf6 21. Rxf6 Ng4 22. Rxd6 Rf8 23. e5 Nxe5 24. Re1 Ke7 25. Rh6 Rf5 26. Bd3 Rf6 27. Rxe5+ Re6 28. Rhxe6+ 1-0

[Event "GER-chT Lands U20"]
[Site "Bad Sulza"]
[Date "2004.11.15"]
[Round "1.7"]
[White "Lange, Jan David"]
[Black "Neumann, Sandra"]
[Result "1-0"]
[WhiteElo "2021"]
[BlackElo "1163"]
[PlyCount "27"]
[EventDate "2004.11.15"]
[EventType "team-swiss"]
[EventRounds "7"]
[EventCountry "GER"]
[SourceTitle "EXT 2006"]
[Source "ChessBase"]
[SourceDate "2005.11.24"]
[SourceVersion "1"]
[SourceVersionDate "2005.11.24"]
[SourceQuality "1"]

1. e4 e5 2. Nf3 Nc6 3. d4 exd4 4. Nxd4 Qf6 5. Be3 Bb4+ 6. c3 Bc5 7. Bc4 Nge7 8. 0-0 Bb6 9. f4 Nxd4 10. Bxd4 Bxd4+ 11. cxd4 Qc6 12. Qd3 d6 13. Bb5 Qxb5 14. Qxb5+ 1-0

[Event "GER-ch U14"]
[Site "Willingen"]
[Date "2004.06.04"]
[Round "9"]
[White "Lange, Jan David"]
[Black "Trapp, Maximilian"]
[Result "1-0"]
[WhiteElo "1794"]
[BlackElo "1820"]
[PlyCount "81"]
[EventDate "2004.06.??"]
[EventType "swiss"]
[EventRounds "9"]
[EventCountry "GER"]
[SourceTitle "EXT 2005"]
[Source "ChessBase"]
[SourceDate "2004.11.15"]
[SourceVersion "1"]
[SourceVersionDate "2004.11.15"]
[SourceQuality "1"]

1. e4 e5 2. Nf3 Nc6 3. d4 exd4 4. Nxd4 Bc5 5. Be3 Qf6 6. Nb5 Bxe3 7. fxe3 Qh4+ 8. g3 Qd8 9. Qg4 g6 10. Qf4 d6 11. Bc4 Ne5 12. 0-0 Qe7 13. Nd2 Bh3 14. Rfd1 c6 15. Nd4 0-0-0 16. Bf1 Bxf1 17. Rxf1 Qc7 18. N2f3 Rd7 19. Ng5 Re7 20. Rad1 h6 21. Ngf3 Rh7 22. Nxe5 Rxe5 23. Qg4+ Qd7 24. Nf5 Re6 25. Rxd6 Rxd6 26. Nxd6+ Kc7 27. Qxd7+ Kxd7 28. Rxf7+ Rxf7 29. Nxf7 Ke7 30. Ne5 g5 31. Kf2 Nf6 32. Kf3 Ne8 33. Nc4 Ke6 34. b4 b6 35. a4 h5 36. b5 cxb5 37. axb5 Nd6 38. Nxd6 Kxd6 39. c4 Ke6 40. e5 Kxe5 41. g4 1-0

[Event "GER-ch U14"]
[Site "Willingen"]
[Date "2004.06.03"]
[Round "8"]
[White "Wall, Henrik"]
[Black "Lange, Jan David"]
[Result "1/2-1/2"]
[WhiteElo "1712"]
[BlackElo "1794"]
[PlyCount "108"]
[EventDate "2004.06.??"]
[EventType "swiss"]
[EventRounds "9"]
[EventCountry "GER"]
[SourceTitle "EXT 2005"]
[Source "ChessBase"]
[SourceDate "2004.11.15"]
[SourceVersion "1"]
[SourceVersionDate "2004.11.15"]
[SourceQuality "1"]

1. e4 e6 2. d4 d5 3. exd5 exd5 4. Bd3 Bd6 5. Nf3 Bg4 6. 0-0 Nc6 7. Re1+ Nge7 8. c3 Qd7 9. Bg5 f6 10. Bh4 g5 11. Bg3 Bxg3 12. fxg3 0-0-0 13. Nbd2 Kb8 14. b4 Ng6 15. Nb3 Rhe8 16. Qc2 Nce7 17. a4 Bf5 18. Nc5 Qc8 19. a5 h5 20. a6 b6 21. Nb7 Bxd3 22. Qxd3 Rd7 23. Re6 Ng8 24. Rae1 Rde7 25. Rxe7 N8xe7 26. b5 Qd7 27. c4 g4 28. Nd2 dxc4 29. Qxc4 Nf5 30. Rxe8+ Qxe8 31. Ne4 Qe7 32. Qc6 Nxd4 33. Na5 Nxc6 34. Nxc6+ Kc8 35. Nxe7+ Nxe7 36. Nxf6 c6 37. bxc6 Nxc6 38. Nxh5 b5 39. Kf2 Kc7 40. Nf6 Ne5 41. Ke3 Kd6 42. h3 gxh3 43. gxh3 Nc6 44. g4 Nb4 45. g5 Ke6 46. h4 Nxa6 47. h5 Nc7 48. Kd3 a5 49. h6 Kf7 50. h7 Kg7 51. g6 Ne6 52. Ne8+ Kh8 53. Ke3 Ng5 54. Nd6 Nxh7 1/2-1/2